Science Quiz

Random Science or Elements Quiz

People Names from Periodic Elements Quiz Stats

 Plays Quiz Updated Dec 12, 2015

Challenge
Share
Tweet
Embed
Score 0/60 Timer 04:00
0 Plays Today
Name Elements % Correct
BenN - Nitrogen
93.6%
SimonN - Nitrogen
93.6%
CameronN - Nitrogen
93.6%
NicholasN - Nitrogen
93.6%
ClaireC - Carbon
88.9%
CameronC - Carbon
88.9%
NicholasC - Carbon
88.9%
CodyCo - Cobalt
84.2%
CameronO - Oxygen
84.2%
VeronicaO - Oxygen
84.2%
SalvatoreO - Oxygen
84.2%
BarbaraB - Boron
82.9%
BenBe - Beryllium
82.5%
ClaireI - Iodine
79%
KristinaI - Iodine
79%
KatherineI - Iodine
79%
NicholasI - Iodine
79%
KatherineK - Potassium
78.6%
LauraRa - Radium
78.2%
BarbaraRa - Radium
78.2%
RaymondRa - Radium
78.2%
SimonSi - Silicon
76.6%
BarbaraAr - Argon
76.4%
KristinaKr - Krypton
71.4%
KristinaS - Sulfur
70.3%
NicholasS - Sulfur
70.3%
SalvatoreS - Sulfur
70.3%
BarbaraBa - Barium
70%
KatherineH - Hydrogen
69.3%
KristinaNa - Sodium
69.3%
Name Elements % Correct
LauraU - Uranium
69.2%
VeronicaCa - Calcium
66.3%
VeronicaNi - Nickel
65.3%
ErinIn - Indium
65%
VeronicaV - Vanadium
62.6%
SalvatoreV - Vanadium
62.6%
RaymondY - Yttrium
61.8%
ErinEr - Erbium
60.9%
EstherEr - Erbium
60.9%
CameronEr - Erbium
60.9%
VeronicaEr - Erbium
60.9%
KatherineEr - Erbium
60.9%
KatherineNe - Neon
60.4%
SalvatoreAl - Aluminum
59.9%
SimonMo - Molybdenum
59.4%
RaymondMo - Molybdenum
59.4%
LauraLa - Lanthanum
59.1%
ClaireLa - Lanthanum
59.1%
NicholasLa - Lanthanum
59.1%
CameronAm - Americium
58.8%
EstherEs - Einsteinium
53%
KristinaTi - Titanium
52.4%
KatherineAt - Astatine
50.7%
SalvatoreAt - Astatine
50.7%
EstherTh - Thorium
50.6%
CodyDy - Dysprosium
47%
ClaireRe - Rhenium
45%
SalvatoreRe - Rhenium
45%
NicholasHo - Holmium
40.6%
RaymondNd - Neodymium
40.3%

You're not logged in!

Compare scores with friends on all Sporcle quizzes.
OR
Log In

You Might Also Like...

Show Comments

Extras

Top Quizzes Today


Score Distribution

Your Account Isn't Verified!

In order to create a playlist on Sporcle, you need to verify the email address you used during registration. Go to your Sporcle Settings to finish the process.

Report this User

Report this user for behavior that violates our Community Guidelines.

Details: